00450nam a2200157 a 450008200140000010000180001424500870003226000470011930000090016650000350017550500100021065000130022065000170023365000240025070000180027400a230bTIL2 aTillich, Paul ahttps://drive.google.com/file/d/1RhiDEbXw9zrcHSIySsXdXl6X-5O5zcyD/view?usp=sharing aChicagobUniversity of Chicago Pressc1951 a300p aincludes index and biblioraphy2 aIndex aTheology aTheology-God aTheology-Revelation1 aTillich, Paul